000 00776cab a22001815a 4500
001 L144742
008 080807s2008 xxkdo f s 000 0 eng d
035 _a(Sirsi) u144742
041 0 _aeng
100 1 _aShepherd, Keith
245 0 0 _aPrime target
260 _c2008
490 _aBuilding Service Journal
_v30(7) 7 August 2008, 59-62(4)
520 _aDiscusses target carbon dioxide emission rate (TER) and the legal requirements around meeting the targets. Suggests that TER use provides the opportunity for a fundamental change to traditional approaches to construction and recommends setting the targets higher than minimum recommended levels. Provides advice on calculating TER.
651 4 _aUnited Kingdom
_y
690 _aBuilding regulations
_96224
942 _n0
999 _c80564
_d80564